BIBLIOTECA PODER JUDICIAL
Portal Judicial TDF

Las monedas sin curso legal en el régimen monetario argentino. A diez años de vigencia del Código Civil y Comercial / (Registro nro. 5678)

000 -LEADER
fixed length control field 01398nab a22002657a 4500
003 - CONTROL NUMBER IDENTIFIER
control field OSt
005 - DATE AND TIME OF LATEST TRANSACTION
control field 20251226231634.0
008 - FIXED-LENGTH DATA ELEMENTS--GENERAL INFORMATION
fixed length control field 190603e xxum|||| |||| 00| 0 spa d
040 ## - CATALOGING SOURCE
Transcribing agency PJ
100 ## - MAIN ENTRY--PERSONAL NAME
9 (RLIN) 6323
Personal name Alferillo, Pascual E.
245 13 - TITLE STATEMENT
Title Las monedas sin curso legal en el régimen monetario argentino. A diez años de vigencia del Código Civil y Comercial /
Statement of responsibility, etc Pascual E. Alferillo.
260 ## - PUBLICATION, DISTRIBUTION, ETC. (IMPRINT)
Date of publication, distribution, etc Ciudad Autónoma de Buenos Aires :
Place of publication, distribution, etc Thomson Reuters La Ley,
Name of publisher, distributor, etc 2025.
300 ## - PHYSICAL DESCRIPTION
Extent p. 75-85
500 ## - GENERAL NOTE
General note Cita: TR LALEY AR/DOC/1770/2025 <br/>Publicado en: RCCyC 2025 (agosto).
505 ## - FORMATTED CONTENTS NOTE
Formatted contents note Sumario: I. Introducción.— II. Situación precedente a la sanción del Cód. Civ. y Com.— III. El régimen monetario del Cód. Civ. y Com.— IV. Las modificaciones de los arts. 765 y 766 por el DNU-2023-70-APN-PTE.— V. Reflexiones finales.
505 ## - FORMATTED CONTENTS NOTE
Title ¿Te interesa el texto completo? Solicitalo al correo: koha@justierradelfuego.gov.ar
650 #0 - SUBJECT ADDED ENTRY--TOPICAL TERM
9 (RLIN) 1497
Topical term or geographic name as entry element CODIGO CIVIL Y COMERCIAL
650 #0 - SUBJECT ADDED ENTRY--TOPICAL TERM
9 (RLIN) 2068
Topical term or geographic name as entry element OBLIGACIONES EN MONEDA EXTRANJERA
650 #0 - SUBJECT ADDED ENTRY--TOPICAL TERM
9 (RLIN) 530
Topical term or geographic name as entry element OBLIGACIONES DE DAR SUMAS DE DINERO
650 #0 - SUBJECT ADDED ENTRY--TOPICAL TERM
9 (RLIN) 3790
Topical term or geographic name as entry element ACTUALIZACIÓN MONETARIA
650 #0 - SUBJECT ADDED ENTRY--TOPICAL TERM
9 (RLIN) 2528
Topical term or geographic name as entry element ACTOS JURÍDICOS
650 #0 - SUBJECT ADDED ENTRY--TOPICAL TERM
9 (RLIN) 6629
Topical term or geographic name as entry element MONEDA DE CURSO LEGAL
773 0# - HOST ITEM ENTRY
Host Biblionumber 2713
Host Itemnumber 3170
Place, publisher, and date of publication Ciudad Autónoma de Buenos Aires : Thomson Reuters La Ley, 2015-
Title Revista Código Civil y Comercial. Nº 4 - Agosto 2025
942 ## - ADDED ENTRY ELEMENTS (KOHA)
Source of classification or shelving scheme
Koha item type Analítica Artículo de Revista

No hay ítems disponibles.

12 de Octubre 789 Ushuaia - Tel:  54(02901)441571
Horario de Atención: 8.00 a 17.00 hs. 
bibliotecaush@justierradelfuego.gov.ar
koha@justierradelfuego.gov.ar
Seguinos en nuestras redes @bibliojustdf 

Con tecnología Koha